| 000 | 00930nam a2200277 a 4500 | ||
|---|---|---|---|
| 001 | 42767 | ||
| 003 | BD-RjUL | ||
| 005 | 20211209053605.0 | ||
| 008 | 160615s1973 caua 001 0 eng d | ||
| 020 | _a0803902581 | ||
| 020 | _a0803902077 (pbk.) | ||
| 035 | _a(BD-RjUL)42885 | ||
| 040 |
_aDLC _cDLC _dEQO _dBD-RjUL _beng |
||
| 041 | _aeng | ||
| 082 |
_a327.072 _223 _bMCC 1973 |
||
| 100 | 1 |
_aMcGowan, Patrick J. _9131438 |
|
| 245 | 1 | 4 |
_aThe comparative study of foreign policy : _ba survey of scientific findings / _cPatrick J. McGowan and Howard B. Shapiro. |
| 260 |
_aBeverly Hills : _bSage Publications, _cc1973. |
||
| 300 |
_a256 p. : _billus. ; _c22 cm. |
||
| 490 | 1 |
_aSage library of social research ; _vv. 4 |
|
| 504 | _aIncludes index. | ||
| 650 | 0 |
_aInternational relations _xResearch. _9128885 |
|
| 700 | 1 |
_aShapiro, Howard B. _9131439 |
|
| 830 | 0 |
_aSage library of social research ; _vv. 4 _9131440 |
|
| 942 |
_2ddc _cBK |
||
| 999 |
_c42767 _d42767 |
||